| 000 -CABECERA |
| campo de control de longitud fija |
00533nrc a22001817a 4500 |
| 003 - IDENTIFICADOR DEL NÚMERO DE CONTROL |
| campo de control |
OSt |
| 005 - FECHA Y HORA DE LA ÚLTIMA TRANSACCIÓN |
| campo de control |
20200430183137.0 |
| 008 - DATOS DE LONGITUD FIJA--INFORMACIÓN GENERAL |
| campo de control de longitud fija |
200430b ||||| |||| 00| 0 spa d |
| 040 ## - FUENTE DE LA CATALOGACIÓN |
| Centro/agencia transcriptor |
Nr |
| 082 ## - NÚMERO DE LA CLASIFICACIÓN DECIMAL DEWEY |
| Número de clasificación |
788 |
| Número de documento/Ítem |
Y15t |
| 110 ## - ENTRADA PRINCIPAL--NOMBRE DE ENTIDAD CORPORATIVA |
| Código de función/relación |
Alcaldía de Moquera |
| Unidad subordinada |
Secretaria de Culrura |
| 245 ## - MENCIÓN DE TÍTULO |
| Título |
TROMBON CON ESTUCHE COLOR NEGRO MARCA YAMAHA REF. YBL4210 |
| Mención de responsabilidad, etc. |
Secretaria de Cultura |
| 300 ## - DESCRIPCIÓN FÍSICA |
| Extensión |
CON ESTUCHE COLOR NEGRO |
| 500 ## - NOTA GENERAL |
| Nota general |
Buen estado |
| 650 ## - PUNTO DE ACCESO ADICIONAL DE MATERIA--TÉRMINO DE MATERIA |
| Fuente del encabezamiento o término |
Instrumento Musical |
| Subdivisión de forma |
Aerófono |
| 710 ## - PUNTO DE ACCESO ADICIONAL--NOMBRE DE ENTIDAD CORPORATIVA |
| Código de función/relación |
Alcaldia de Mosquera |
| 942 ## - ELEMENTOS DE PUNTO DE ACCESO ADICIONAL (KOHA) |
| Fuente del sistema de clasificación o colocación |
|
| Tipo de ítem Koha |
Instrumentos |